Detalles MARC
| 000 -CABECERA |
| campo de control de longitud fija |
02244nam a2200265 a 4500 |
| 001 - NÚMERO DE CONTROL |
| campo de control |
000015361 |
| 003 - IDENTIFICADOR DEL NÚMERO DE CONTROL |
| campo de control |
DO-SdBNP |
| 005 - FECHA Y HORA DE LA ÚLTIMA TRANSACCIÓN |
| campo de control |
20260304085434.0 |
| 008 - DATOS DE LONGITUD FIJA--INFORMACIÓN GENERAL |
| campo de control de longitud fija |
100205s2001 dr 000 0 spa d |
| 020 ## - NÚMERO INTERNACIONAL ESTÁNDAR DEL LIBRO |
| Número Internacional Estándar del Libro |
999342014X |
| 040 ## - FUENTE DE LA CATALOGACIÓN |
| Centro catalogador/agencia de origen |
DO-SdBNP |
| Lengua de catalogación |
spa |
| Centro/agencia transcriptor |
BNPHU |
| 082 ## - NÚMERO DE LA CLASIFICACIÓN DECIMAL DEWEY |
| Número de clasificación |
320.97293 |
| Número de documento/Ítem |
P349m |
| 100 1# - ENTRADA PRINCIPAL--NOMBRE DE PERSONA |
| Nombre de persona |
Peña Gomez, Jose Francisco , |
| Fechas asociadas al nombre |
1937-1998 |
| 9 (RLIN) |
2994 |
| 245 10 - MENCIÓN DE TÍTULO |
| Título |
Mis últimos discursos / |
| Mención de responsabilidad, etc. |
José Francisco Peña Gómez. |
| 260 ## - PUBLICACIÓN, DISTRIBUCIÓN, ETC. |
| Lugar de publicación, distribución, etc. |
Santo Domingo : |
| Nombre del editor, distribuidor, etc. |
Manatí, |
| Fecha de publicación, distribución, etc. |
2001. |
| 300 ## - DESCRIPCIÓN FÍSICA |
| Extensión |
262 p. ; |
| Dimensiones |
24 cm. |
| 500 ## - NOTA GENERAL |
| Nota general |
Incluye referncias bibliográficas y notas al pie de las páginas. |
| 505 2# - NOTA DE CONTENIDO CON FORMATO |
| Nota de contenido con formato |
Presentación -- Por la unidad del partido -- Nuestra conducta es diferente a la del PLD. Y más propuestas para fortalecer el PRD -- Nuevas estratégias para ganar las elecciones de este año -- El PRD es el más generoso de los partidos -- Nuevos elementos estratégicos: ganar en la capital para afianzar el tiunfo en toda la nación -- Como Judas, los traidores carecen de fe y de visión: el PRD triunfar -- Por una Asamblea Nacional de Constituyente con una amplia participación de la sociedad civil -- Propuestas de cambios en la dirección del partido. La cuestión de las candidaturas -- Trazando el camino de la victoria --Nuestro programa municipal -- Por la descentralización del Ayuntamiento de Distrito Nacional -- Más detalles sobre nuestro programa municipal para el Distrito Nacional -- Los candidatos del Distrito Nacional -- Las elecciones del 1998 serán un paso inevitable hacia la vistoria del 2000 -- El PRD es el partido de las reformas -- !Hay que rechazar la provocación y la violencia! -- Nuestra posición sobre Cuba ha sido diáfana y respetuosa -- Aquí están nuestros candidatos: con ellos ganaremos de manera aplastante -- Ganaremos a pesar del uso abusivo de los recursos del Estado del PLD -- Los grandes problemas del Distrito Nacional y sus soluciones -- Hay que cuidarse de los <<independientes>>. |
| 590 ## - NOTA LOCAL (RLIN) |
| Nota local |
Inventariado, 2018/LP |
| 600 10 - PUNTO DE ACCESO ADICIONAL DE MATERIA--NOMBRE DE PERSONA |
| Nombre de persona |
Peña Gomez, Jose Francisco , |
| Fechas asociadas al nombre |
1937-1998 |
| Subdivisión general |
Discursos |
| 9 (RLIN) |
2994 |
| 650 #4 - PUNTO DE ACCESO ADICIONAL DE MATERIA--TÉRMINO DE MATERIA |
| Término de materia o nombre geográfico como elemento de entrada |
Políticos |
| Subdivisión geográfica |
República Dominicana |
| 9 (RLIN) |
1349 |
| 651 #0 - PUNTO DE ACCESO ADICIONAL DE MATERIA--NOMBRE GEOGRÁFICO |
| Nombre geográfico |
República Dominicana |
| Subdivisión general |
Política y gobierno |
| 9 (RLIN) |
45 |
| 910 ## - DATOS DE OPCIÓN DEL USUARIO (OCLC) |
| Datos de opción del usuario |
Validado. Control de calidad BNPHU |
| 942 ## - ELEMENTOS DE PUNTO DE ACCESO ADICIONAL (KOHA) |
| Fuente del sistema de clasificación o colocación |
Dewey Decimal Classification |
| Tipo de ítem Koha |
Libro |